| 000 | 01009nam a22002657a 4500 | ||
|---|---|---|---|
| 999 |
_c13718 _d13718 |
||
| 003 | MIRAKIL | ||
| 005 | 20200120171019.0 | ||
| 008 | 200120b tu ||||| |||| 00| 0 tur d | ||
| 020 | _a9789757399988 | ||
| 040 |
_aTR-AnCHP _cTR-AnCHP |
||
| 041 | _atur | ||
| 082 |
_a320.5322092 _bG62h 2016 |
||
| 100 | _aGramsci, Antonio | ||
| 245 | 1 | 0 |
_aHapishane defterleri : _btarih, poltika, felsefe ve kültür sorunları üzerine seçme metinler / _cAntonio Gramsci ; Fransızcasından dilimize çeviren: Kenan Somer |
| 246 | _atarih, poltika, felsefe ve kültür sorunları üzerine seçme metinler | ||
| 250 | _a2 bs. | ||
| 260 |
_aAnkara: _bSol yayınları, _c2016. |
||
| 300 |
_a285 s.: _c19 sm. |
||
| 500 | _aÖzgün yapıt adı:Lettres de prison. | ||
| 600 | 0 |
_96215 _aGramsci, Antonio _cİtalyan Siyasetçi _d1891-1937 |
|
| 650 | 0 |
_9611 _akomünizm _zİtalya |
|
| 700 |
_96216 _aSomer, Kenan _eçev. |
||
| 740 | _atarih, poltika, felsefe ve kültür sorunları üzerine seçme metinler | ||
| 942 |
_2ddc _cBKS |
||